|
|
|
|
| LEADER |
01243nam a2200277 a 4500 |
| 001 |
14476319 |
| 008 |
101025s2006 maua b 001 0 eng d |
| 010 |
|
|
|a 2006280011
|
| 020 |
|
|
|a 9780631228998 (alk. paper)
|
| 020 |
|
|
|a 9781405138093 (pbk.)
|
| 020 |
|
|
|a 1405138092 (pbk.)
|
| 040 |
|
|
|a DLC
|c DLC
|d DLC
|d BD-DhAAL
|
| 082 |
0 |
0 |
|a 418
|2 22
|
| 245 |
0 |
4 |
|a The handbook of applied linguistics /
|c edited by Alan Davies and Catherine Elder.
|
| 260 |
|
|
|a Malden, MA, USA :
|b Blackwell Pub.,
|c 2006.
|
| 300 |
|
|
|a xvii, 866 p. :
|b ill. ;
|c 25 cm.
|
| 490 |
0 |
|
|a Blackwell handbooks in linguistics ;
|v 17
|
| 504 |
|
|
|a Includes bibliographical references and index.
|
| 541 |
1 |
|
|e 00021438
|
| 650 |
|
0 |
|a Applied linguistics.
|
| 700 |
1 |
|
|a Davies, Alan,
|c Ph. D.
|
| 700 |
1 |
|
|a Elder, C.
|q (Catherine)
|
| 852 |
4 |
|
|a Ayesha Abed Library
|j General Shelf.
|
| 999 |
|
|
|c 9880
|d 9880
|
| 952 |
|
|
|0 0
|1 0
|2 ddc
|4 0
|6 418_HAN_200600000000000
|7 0
|9 12727
|a BRACUL
|b BRACUL
|c GEN
|d 2010-10-25
|e Karim International
|g 4270.00
|l 4
|m 4
|o 418 HAN
|p 3010021438
|r 2013-12-13
|s 2013-11-20
|t 1
|w 2010-10-25
|y BK
|
| 952 |
|
|
|0 0
|1 0
|2 ddc
|4 0
|6 418_HAN_200600000000000
|7 0
|9 12728
|a BRACUL
|b BRACUL
|c GEN
|d 2010-10-25
|e Karim International
|g 4270.00
|l 2
|m 6
|o 418 HAN
|p 3010021439
|r 2026-01-08
|s 2025-12-15
|t 2
|w 2010-10-25
|y BK
|